| 000 | 00490nam a22001697a 4500 | ||
|---|---|---|---|
| 999 |
_c41078 _d41078 |
||
| 003 | OSt | ||
| 005 | 20210305160556.0 | ||
| 008 | 210305b ||||| |||| 00| 0 eng d | ||
| 020 | _a9788192910963 | ||
| 040 | _coclc | ||
| 082 |
_a154.2 _bMUR/P |
||
| 100 |
_98516 _aMurphy, Joseph |
||
| 245 |
_aThe Power Of Your Subconscious Mind / _cJoseph Murphy |
||
| 260 |
_aMumbai: _bIndia Book Distributors, |
||
| 300 | _a297p | ||
| 942 |
_2ddc _cBK _h154.2 _iMUR/P _k154.2 _mMUR/P |
||